000 00782nam a2200229Ia 4500
005 20260430150750.0
008 008 250103s9999 xx 000 0 hin d
037 _aTheses
040 _aCRL
040 _bhin
040 _chin
041 _2hin
041 _ahin
084 _qCRL
100 _aउपेन्द्र कुमार, ले.
_9866485
245 0 _aबौद्ध गुहा मंदिरों एवं इसके अभिलेखों का सांस्कृतिक अध्ययन
260 _c2021
300 _a177पृ0
700 _aदिल्ली विश्वविद्यालय. कला संकाय. बौद्ध अध्ययन विभाग
942 _cTH
999 _c1850663
_d1850663